000 00717nam a2200253Ia 4500
003 OSt
005 20220924123730.0
006 a|||||r|||| 00| 0
007 ta
008 220923b |||||||| |||| 00| 0 per d
024 _a286087
037 _cTextual
040 _aARTS
_cARTS
_bper
041 _2per
_aper
082 _aDelta73x4.M2, 164M2
100 _aKashmiri Inayatullah Khan Au.
_9103372
245 0 _aKalmat-e-Tayyebat
260 _aNew Delhi
_b Jamia Milliya Islamia India
_c1982
300 _a251p.
_ccm.
650 _a SPIRurdALISM
650 _aISLAM
_9577
942 _hDelta73x4.M2, 164M2
_cTEXL
_2CC
999 _c416900
_d416900